| 000 | 00914cab a2200253 4500 | ||
|---|---|---|---|
| 001 | WB3026-30 | ||
| 008 | 090401t1994 xxu||||| |||| 00| 0 eng d | ||
| 035 | _a(Sirsi) u79770 | ||
| 041 | _aeng | ||
| 245 | _aDistress and the bankrupt tenant | ||
| 260 | _c1994 | ||
| 350 | _a0 | ||
| 490 |
_aEstates Gazette _v(9426) 2 July 1994, 139(1) |
||
| 520 | _aExamines "McMullen and Sons Ltd v Cerrone" (1994), in which the landlord distrained after an interim order was in place and "Eller and Grovecrest Investments Ltd", in which the landlord attempted to distrain, where the tenant had a right to set off against the rent a claim for damages. | ||
| 650 | _aBANKRUPTCY | ||
| 650 | _aCLAIM FOR DAMAGES | ||
| 650 | _aDISTRAINT | ||
| 650 | _aDISTRESS | ||
| 650 | _aINSOLVENCY ACT 1986 S252 | ||
| 650 | _aRENT ARREARS | ||
| 690 | _aLANDLORD AND TENANT-BUSINESS TENANCIES | ||
| 942 | _n0 | ||
| 948 | _c04/03/1997 | ||
| 999 |
_c50186 _d50186 |
||